The firmest deadline of all (Record no. 77284)
[ view plain ]
| 000 -LEADER | |
|---|---|
| fixed length control field | 00975cab a2200205 4500 |
| 001 - CONTROL NUMBER | |
| control field | ##L133956 |
| 008 - FIXED-LENGTH DATA ELEMENTS--GENERAL INFORMATION | |
| fixed length control field | 060623n2006 000 0 eng u |
| 035 ## - SYSTEM CONTROL NUMBER | |
| System control number | (Sirsi) u133956 |
| 041 0# - LANGUAGE CODE | |
| Language code of text/sound track or separate title | eng |
| 100 1# - MAIN ENTRY--PERSONAL NAME | |
| Personal name | Bishop, Phil |
| 245 04 - TITLE STATEMENT | |
| Title | The firmest deadline of all |
| 260 ## - PUBLICATION, DISTRIBUTION, ETC. | |
| Date of publication, distribution, etc. | 2006 |
| 490 #0 - SERIES STATEMENT | |
| Series statement | Contract Journal |
| Volume/sequential designation | 434(6580) 21 June 2006, 10-12(2) |
| 520 ## - SUMMARY, ETC. | |
| Summary, etc. | Looks at the range of issues confronting the Olympic Delivery Authority in ensuring that the venues for the 2012 Olympics are ready on time. These include setting up an industrial relations policy at the beginning of the project, and deciding what type of contract to employ. The contract must be flexible enough to secure commitment from the principal supply chain members, and also take account of the state of design. |
| 590 ## - LOCAL NOTE (RLIN) | |
| Local note | IKA040706 |
| 650 24 - SUBJECT ADDED ENTRY--TOPICAL TERM | |
| Topical term or geographic name entry element | OLYMPIC GAMES 2012 |
| 651 #4 - SUBJECT ADDED ENTRY--GEOGRAPHIC NAME | |
| Geographic name | LONDON |
| 690 ## - LOCAL SUBJECT ADDED ENTRY--TOPICAL TERM (OCLC, RLIN) | |
| Topical term or geographic name as entry element | BUILT ENVIRONMENT-CONSTRUCTION MANAGEMENT-CONSTRUCTION DESIGN AND MANAGEMENT |
| 942 ## - ADDED ENTRY ELEMENTS (KOHA) | |
| Suppress in OPAC | 0 |
| Withdrawn status | Lost status | Source of classification or shelving scheme | Damaged status | Not for loan | Home library | Current library | Shelving location | Date acquired | Total Checkouts | Full call number | Barcode | Date last seen | Copy number | Price effective from | Koha item type |
|---|---|---|---|---|---|---|---|---|---|---|---|---|---|---|---|
| Dewey Decimal Classification | London | London | Journal article | 23/06/2006 | L133956 | 133956-1001 | 06/08/2019 | 1 | 06/08/2019 | Journal article |